000
00343pam a2200157a 44500
008
230515b19892 xxu||||| |||| 00| 0 eng d
020
_a
NULL
041
_a
ENGLISH
082
_a
N.D.
100
_a
Mithal G.K.
245
_a
Indstrial Electronics
250
_a
0
260
_a
NULL
_b
Khanna Pub.
_c
19892
300
_a
733
650
_a
NULL
999
_c
574260
_d
574260